000 00768nam a2200205 a 4500
001 1286
005 20140414131909.0
008 041220s19uu xx 00 eng d
020 _a0-671-66867-6
050 _aER
_bB63 1988
100 _aBradbury, Pamela Zanin
245 _aBoola's secrets /
_cwritten by Pamela Zanin Bradbury ; illustrated by Jodi McCallum.
260 _aNew York :
_bLittle Simon,
_c1988.
300 _a1 v. p. : ill. ; cm.
520 _aBoola doesn't like to howl and spook like all the other little ghosts. Boola has many secrets, and the biggest secret, and the biggest secret of all is her new friendship with a young boy and his dog.
650 _aGhosts
_xFiction.
650 _aChildren stories.
999 _c111108
_d111108